Normale Ansicht MARC-Ansicht ISBD

The Corporation (Titelsatznr. 58852)

[ MARC ]
MARC-Details
000 -Satzkennung
Kontrollfeld mit fester Länge 01485nam a22003133u 4500
001 - Kontrollnummer
Kontrollfeld drd-7205073
003 - Kontrollnummer Identifier
Kontrollfeld Dreier
005 - Datum und Zeit der letzten Transaktion
Kontrollfeld 20230402135219.0
007 - Feld mit fester Länge zur physischen Beschreibung - Allgemeine Information
Kontrollfeld mit fester Länge tu
008 - Feld mit fester Länge zur physischen Beschreibung - Allgemeine Angaben
Kontrollfeld mit fester Länge 220120b2009 ||||| |||| 00| u eng d
020 ## - Internationale Standardbuchnummer
Internationale Standardbuchnummer 9781594032462
Verknüpfung 978-1-59403-246-2
040 ## - Katalogisierungsquelle
Original-Katalogisierungsstelle RU-10907106
Katalogisierungssprache ger
Übertragungsstelle RU-10907106
041 ## - Sprachcode
Sprachcode des Textes/der Tonspur oder des separaten Titels eng
100 1# - Haupteintragung - Personenname
Personenname Felshtinsky, Yuri
Funktionsbezeichnungscode aut
Funktionsbezeichnung Author
Koha-Normdatenidentnummer 771
245 10 - Titel
Titel The Corporation
Zusatz zum Titel Russia and the KGB in the Age of President Putin
Verfasserangabe etc. Yuri Felshtinsky
264 ## - Produktion, Veröffentlichung, Distribution, Herstellung und Urheberrechtsvermerk
Herstellungs-, Veröffentlichungs- Vertriebs-, Erzeugungsort New York
Produzent, Herausgeber, Distributor, Hersteller Encounter Books,USA
Datum der Herstellung, der Veröffentlichung, des Vertriebs oder des Urheberschutzvermerks 2009
300 ## - Physische Beschreibung
Umfang 300 S.
336 ## - Inhaltstyp
Inhaltstypterm Text
Inhaltstypcode txt
Quelle rdacontent
337 ## - Medientyp
Bezeichnung des Medientyps ohne Hilfsmittel zu benutzen
Medientypcode n
Quelle rdamedia
338 ## - Datenträgertyp
Datenträgertypbezeichnung Band
Datenträgertypcode nc
Quelle rdacarrier
520 ## - Fußnote zu Zusammenfassungen usw.
Fußnote zur Zusammenfassung usw. Felshtinsky's, The Corporation, brings forth the truths of Putin's reign and the team of FSB agents that serve him loyally. This book illustrates Putin as representing a completely new phenomenon, never before encountered by mankind. Suspected of numerous murders throughout his life, including Alexander Litvinenko and Anna Politkovskaya, Vladimir Putin has continually kept himself untouched by authorities. And even now as he leaves office, his strong hold on Russia continues on to the Prime Minister's seat.
600 ## - Nebeneintragung unter einem Schlagwort - Personenname
Personenname Putin, Vladimir Vladimirovič <1952->
Koha-Normdatenidentnummer 22318
610 ## - Nebeneintragung unter einem Schlagwort - Körperschaftsname
Körperschafts- oder Gebietskörperschaftsname als Eintragungselement Sowjetunion. Komitet Gosudarstvennoj Bezopasnosti
648 ## - Nebeneintragung unter einem Schlagwort - Zeitschlagwort
Zeitschlagwort 2000-2007
Koha-Normdatenidentnummer 22319
648 ## - Nebeneintragung unter einem Schlagwort - Zeitschlagwort
Zeitschlagwort 1992-2007
Koha-Normdatenidentnummer 22320
650 ## - Nebeneintragung unter einem Schlagwort - Sachschlagwort
Sachschlagwort oder geografischer Name als Eintragungselement Politik
651 ## - Nebeneintragung unter einem Schlagwort - Geografischer Name
Geografischer Name Russland
942 ## - Zusätzliche Felder (Koha)
Koha-Medientyp Monographien
Klassifikation oder Aufstellungssystematik Andere/Generische Klassifikation
Exemplare
Ausgeschieden Verloren Klassifikation oder Aufstellungssystematik Beschädigt Nicht entleihbar Heimatbibliothek Aufenthaltsbibliothek Aufstellungsort Erwerbungsdatum Inventarnummer Signatur Barcode Letzte Aktivität Preis gültig von Koha-Medientyp
    Andere/Generische Klassifikation     MWN Osteuropa MWN Osteuropa Magazin - 2 20/01/2022 23-00129 R 70 hd Fel E004010808012856 20/01/2022 20/01/2022 Monographien